000 00724nam a22002175i 4500
001 177207
003 ES-MaACL
005 20230906220258.0
008 110308s1949 sp o |||| | spa d
080 _a728.82(460.357 G.)
100 1 _aTorres Balbás, Leopoldo.
_9110926
245 1 3 _aLa Alhambra y el Generalife /
_cpor L. Torres Balbás.
260 _aMadrid :
_bPlus-Ultra,
_c[1949?]
300 _a158 p. :
_bfot. bl. y n. ;
_c22 cm.
490 1 _aLos monumentos cardinales de España ;
_v7
610 2 4 _aAlhambra (Granada)
_9145495
610 2 4 _aGeneralife (Granada)
_9145496
830 0 _aLos monumentos cardinales de España ;
_v7
_9190368
852 _aES-MaACL
_jE-14620
_xOlim P-1021
999 _c177207
_d177207